| 000 | 00000nam##2200000za#4500 |
| 001 | 9.690428 |
| 003 | CaOODSP |
| 005 | 20210624232324 |
| 007 | cr ||||||||||| |
| 008 | 150407|2007||||xxc|||||o f|0| 0 eng|d |
| 020 | |a978-0-662-47235-3 |
| 040 | |aCaOODSP|beng |
| 043 | |an-cn--- |
| 086 | 1 |aHS28-133/2007E-PDF |
| 110 | 1 |aCanada.|bHuman Resources and Skills Development Canada. |bStrategic Policy and Research Branch. |
| 245 | 10|aFormative evaluation of the Community Inclusion Initiative : |h[electronic resource]|bfinal report |
| 260 | |aGatineau - Quebec : |bHuman Resources and Skills Development Canada. |cJuly 2007. |
| 300 | |a77p.|bfig., tables |
| 590 | |a13-05-Supp|b2013-02-27 |
| 690 | 07|aCommunity programs|2gcpds |
| 775 | 08|tÉvaluation formative de l'Initiative pour l'intégration communautaire : |w(CaOODSP)9.634792 |
| 856 | 40|ahttp://publications.gc.ca|qPDF|s395 KB|uhttps://publications.gc.ca/collections/collection_2013/rhdcc-hrsdc/HS28-133-2007-eng.pdf |
| 986 | |aSP-AH-692-07-07E |